Регионална библиотека "Любен Каравелов" - Русе

Пирът на хищниците (Запис номер 16321)

MARC детайли
000 -Лидер
Контролно поле с фиксирана дължина 01845nam a2200397 c 4500
003 - Код на организацията, давaща контролен номер
Контролно поле BLK
005 - Дата и час на последна редакция
Контролно поле 20250304095840.0
008 - Елементи от данни с фиксирана дължина
fixed length control field 180413b bul|||||r ||||||| ||bul||
010 ## - Наследен системен номер
LC control number KNG00018184000
020 ## - Международен стандартен номер на книга ISBN
Международен стандартен номер на книга ISBN 954-8079-50-Х
-- издат.: Прозорец
040 ## - Източник на каталожния запис
Идентификатор на билиотеката - собственик на записа BLK
041 ## - Код за език
Код за езика на текст/звукозапис или на отделно заглавие Български
Код за езика КДБФ Български
080 ## - УДК
Текстов определител УДК Международни политически отношения. Световна политика. Международна политика. Дипломация
УДК код - определител по УДК 327
УДК определител (47+57)
УДК - код + определител 327(47+57)
080 ## - УДК
Текстов определител УДК История на Втората световна война (1939-1945)
УДК код - определител по УДК 940.53
УДК определител
УДК - код + определител 940.53
080 ## - УДК
Текстов определител УДК История на Русия и СССР. Вж и 936 ; 957
УДК код - определител по УДК 94(470)
УДК определител
УДК - код + определител 94(470)
100 1# - Редна дума - Автор
Автор Бунич, Игор Лвович
Авторска отговорност първи автор
R(LIN) 43920
139 ## - Редно поле
Редна дума Бунич, Игор Лвович
Авторски знак Бун - Б 86
245 10 - Сведения за заглавието
Заглавие Пирът на хищниците
Редно поле (дума) Игор Лвович Бунич; прев. от рус. Христо Иванов Троански.
257 ## - Страна на издаване
Страна на създаване/издаване СССР
260 ## - Област на издателските данни
-- София
Име на издателя, разпространителя и проч. Прозорец
Година на издаване 1996
300 ## - Физическа характеристика
Страници 352 с.
Размери/Мащаб 20 см
380 ## - Жанр
Жанр Обществени науки
500 ## - Общи забележки
Забележка Ориг. загл. Операция гроза / Игор Бунич. - Изд. е кн. 1 от трилогията Операция Буря.
650 #4 - Допълнително описание по предмет – тема
Основно описание – тема или топоним Втора световна война - участие на СССР
9 (RLIN) 256326
650 #4 - Допълнително описание по предмет – тема
Основно описание – тема или топоним СССР - история
9 (RLIN) 246855
651 #4 - Допълнително описание по предмет - топоним
Географско понятие СССР
9 (RLIN) 179592
653 ## - Ключова дума – ненормативна
Ключова дума Втора световна война
653 ## - Ключова дума – ненормативна
Ключова дума СССР
700 1# - Други автори (авторска отговорност)
Лично име Троански, Христо Иванов
Автороска отговорност (Описва отношението между автора и произведението) прев. от рус.
9 (RLIN) 365031
852 ## - Местоположение
Форматна сигнатура Цб 190588
856 4# - Електронен адрес и достъп
Електронен формат pdf - файл
Път до файла /url/
856 4# - Електронен адрес и достъп
Електронен формат pdf - файл
Път до файла /url/
942 ## - АРТИКУЛИ
Вид на библиотечния материал Книги
Скрит в OPAC Не
Koha issues (borrowed), all copies 8
944 ## - СЪЗДАВАНЕ И РЕДАКЦИЯ на ЗАПИСА
Създаване/Редакция Създаване
Дата на регистрацията/редакция 15.01.2003
Служител, извършил регистрацията/редакцията 30576
Статус, дата на статуса Цветомила Тодорова
944 ## - СЪЗДАВАНЕ И РЕДАКЦИЯ на ЗАПИСА
Създаване/Редакция Редакция
Дата на регистрацията/редакция 10.05.2014
Служител, извършил регистрацията/редакцията
999 ## - СИСТЕМНИ КОНТРОЛНИ НОМЕРА
Koha biblionumber 16321
Koha biblioitemnumber 16321
Наличности
Код за отписване Код за изгубен артикул Източник на класификационната схема Код за повреда Коз за рестрикции Код за отдаване Артикулен № Име на библиотеката - собственик Име на библиотеката, в която се намира в момента Статус (Текущо местоположение) Дата на вписване в системата Местоположение - отдел Цена в лева Инвентарен номер Систематично азбучна сигнатура Баркод Номер на екземпляра Цена в евро Служебна бележка Служебен тип на артикула
  Не е изгубен Universal Decimal Classification Не е повреден без рестрикции заемане за дома 27523 Регионална библиотека "Любен Каравелов" Русе Регионална библиотека "Любен Каравелов" Русе Заемна - подръчен фонд 2001-01-01 Заемна - подръчен фонд 2.94 627090 П 327(47+57)/Б 86 120000627090 1 1.50 Дата инв: 02.02.2018 Бележки инв: П2018 Книги
  Не е изгубен Universal Decimal Classification Не е повреден без рестрикции ползва се в читалня 27524 Регионална библиотека "Любен Каравелов" Русе Регионална библиотека "Любен Каравелов" Русе Хранилище 2001-01-01 Хранилище 0.49 628217 Цб 190588 120000628217 2 0.25   Книги
Vip Innovations Ltd, Rousse, Bulgaria 2025